Nazwy grand prix f1 w sezonie 2025 - Statystyki

Ogólne statystyki
  • Ten quiz został rozwiązany 5 razy
  • Średni wynik to 20 z 24
Statystyki odpowiedzi
Hint Odpowiedź % Poprawnych
Chiny Gp Chin
100%
Australia Gp Australii
100%
Austria Gp Austrii
100%
Azerbejdżan Gp Azerbejdżanu
100%
Bahrajn Gp Bahrajnu
100%
Belgia Gp Belgii
100%
Hiszpania Gp Hiszpanii
100%
Holandia Gp Holandii
100%
Japonia Gp Japonii
100%
Kanada Gp Kanady
100%
Katar Gp Kataru
100%
Meksyk Gp Meksyku
100%
Singapur Gp Singapuru
100%
Węgry Gp Węgier
100%
Wielka brytania Gp Wielkiej Brytanii
100%
Włochy 2 Gp Włoch
100%
Usa 3 GP Las Vegas
80%
Usa 1 Gp Miami
80%
Monako Gp Monako
80%
Zea Gp Abu Zabi
60%
Usa 2 Gp Stanów Zjednoczonych
60%
Włochy 1 Gp Emilii-Romanii
20%
Brazylia Gp Sao Paulo
20%
Arabia Saudyjska Gp Arabii Saudyjskej
0%
Nie znaleziono quizów pasujących do podanych kryteriów
Rozkład punktacji
Procent ludzi z każdym wynikiem
Percentyl według liczby udzielonych odpowiedzi
Twoja historia wyników
Nie rozwiązałeś tego quizu